| 000 | 00798nam a2200265 a 4500 | ||
|---|---|---|---|
| 001 | 000027715 | ||
| 003 | DO-SdBNP | ||
| 005 | 20240412074253.0 | ||
| 007 | ta | ||
| 008 | 110404s1984 dr 000 p spa d | ||
| 040 |
_aDO-SdBNP _bspa _cBNPHU |
||
| 049 | _aBNPD | ||
| 082 | 4 |
_aRD861.44 _bC322e _222 |
|
| 100 | 1 |
_aCartagena Portalatín, Aída, _d1918-1994 _923557 |
|
| 245 | 1 | 0 |
_aEn la casa del tiempo / _cAida Cartagena Portalatín. |
| 260 |
_aSanto Domingo : _bUniversidad Autónoma de Santo Domingo, _c1984. |
||
| 300 |
_a75 p. ; _c21 cm. |
||
| 490 | 1 |
_aMontesinos _v5 |
|
| 590 | _aInventariado, 2023/BT | ||
| 650 | 4 |
_aPoesía dominicana _966 |
|
| 650 | 0 |
_aLiteratura dominicana. _967 |
|
| 830 | 0 |
_aMontesinos _v5 _922896 |
|
| 910 | _aValidado. Control de calidad BNPHU | ||
| 942 |
_2ddc _cLBS1 |
||
| 999 |
_c27207 _d27207 |
||